000 01078nam a22003137a 4500
003 CHAP
005 20220817041741.0
008 971013s1952 r 00010 d
010 _a23316
011 _a24288
035 _a28387
040 _cCHAP
082 _a338.9723
_bC6 1947-52
110 _aComisión del Tepalcatepec
_925709
245 _aMemoria de los trabajos realizados
_b: 1947-1952
260 _aUruapan, Mich. :
_bLa comisión,
_c1952
300 _a(s.p.)
_b: láms.
590 _aBATCH-UPD
_b10
_c20130110
_lUCH01
_h1025
590 _aBATCH-UPD
_b10
_c20130410
_lUCH01
_h0629
590 _aBATCH-UPD
_b10
_c20130914
_lUCH01
_h1149
590 _aCONVERSION
_b10
_c20130109
_lUCH01
_h1314
650 1 4 _aDesarrollo económico.
650 1 4 _aIrrigación.
_960366
901 _aBK
942 _cLIBRO
949 _a338.9723 C6 1947-52
_bBC
_cLIBRO
_d-65512
_eLIBRO
_h6686
_i28387
_mD
_si
949 _a338.9723 C6 1947-52
_bBC
_cLIBRO
_d-65513
_eLIBRO
_fc.2
_h6687
_i28387
_mD
_si
949 _a338.9723 C6 1947-52
_bBC
_cLIBRO
_d33724000735262
_eLIBRO
_fc.3
_h96018
_i28387
_kDonaciØn
_si
999 _c23316
_d23316